| 000 | 00529nam a2200205Ia 4500 | ||
|---|---|---|---|
| 005 | 20240106113838.0 | ||
| 008 | 131103s9999 xx 000 0 und d | ||
| 040 | _aLoreto College | ||
| 041 | _aEnglish | ||
| 082 |
_a891.5 _bKHA |
||
| 100 | _aKhaiyam, Omar | ||
| 245 |
_aOmar Khaiyamar Rubai, _cOmar Khaiyam |
||
| 250 | _aTransleted by Sakti Chattopadhya | ||
| 260 |
_aKolkata _bBiswabani _c1981 |
||
| 300 | _a95p. | ||
| 650 | _aIrian poetry | ||
| 700 | _aChattopadhya, Sakti; trl. | ||
| 850 | _aLCLIB | ||
| 942 | _cBK | ||
| 999 |
_c24437 _d74916 |
||